000
00152nam a22000857a 4500
041
_a
ENG
245
_a
PC Quest
260
_a
Pune
_b
Pune
_c
2000
300
_a
CD
999
_c
635
_d
635